00333nam a2200133Ia 4500003000500000008004100005020001800046040001900064082000700083100001900090245003300109260004500142546001200187STCL181203s9999 xx 000 0 und d a9788184871814 aSTCLbENcSTCL 222 aBiswas, Goutam 0aComputational Fluid Dynamics bNarosa Publishing HouseaNew Delhic2014 aEnglish